01295naa a2200277 uc4500001000800000005001700008008004100025035001200066040001300078041000800091100005000099245017300149300001500322650002100337650003700358650003400395650005700429650006900486650005600555700007900611700004400690700004500734700004700779700003700826773015400863141933520250220093617.0150828nuuuuuuuu spa  a1419335 ccomduadb aspa10aGutiérrez Bonilla, Martha Lucía4auteaut10aSegunda parte. El conflicto armado y su impacto en los proyectos de vida de las mujeres indígenas y campesinas en busca de justicia, departamento del Cesar / Colombia ap. 101-228 aCesar (Colombia) 7aConflicto armadozColombia2lemb aMujeres campesinas - Colombia aMujeres campesinas - Condiciones sociales - Colombia aViolación de los derechos humanos - Colombia - Fuerzas Armadas 7aViolación de los derechos humanoszColombia2lemb10aMeertens, Donny,d1946-4aut0(isni)0000 0000 8349 24180(viaf)133984eaut10aFajardo Farfán, July Samira4auteaut10aPinto Velásquez, Dora Eliana4auteaut10aOcampo de Herran, Maria Cristina4auteaut10aBalaguer Soriano, Anna4auteaut0 tEl camino por la justicia : victimización y resistencia de mujeres indígenas y campesinas en Guatemala y Colombiaw1419317z97895888901730722217